[Event "Penang op-B 15th"]
[Site "Penang"]
[Date "2023.12.21"]
[Round "6"]
[White "Mohd Fadzly, Muhd Hariz Fikri"]
[Black "Lim, Jing Hng"]
[Result "1/2-1/2"]
[WhiteElo "1394"]
[BlackElo "1689"]
[PlyCount "71"]
[EventDate "2023.12.18"]
[EventType "swiss"]
[EventRounds "9"]
[EventCountry "MAS"]
[SourceTitle "EXT 2025"]
[Source "ChessBase"]
[SourceDate "2024.10.14"]
[SourceVersion "1"]
[SourceVersionDate "2024.10.14"]
[SourceQuality "1"]

1. d4 d5 2. c4 c6 3. Nc3 Nf6 4. cxd5 cxd5 5. Bf4 Nc6 6. e3 Bf5 7. Bd3 Bg6 8. Nge2 e6 9. 0-0 Bd6 10. Rc1 0-0 11. f3 e5 12. dxe5 Bxe5 13. Bxe5 Nxe5 14. Bxg6 hxg6 15. Qb3 Nc4 16. Rfd1 Nxe3 17. Rd3 Re8 18. Kf2 Nf5 19. Nxd5 Nxd5 20. Rxd5 Rxe2+ 21. Kxe2 Nd4+ 22. Rxd4 Qxd4 23. Kf1 Qf4 24. Rd1 Qxh2 25. Rd7 Qf4 26. Rxb7 Re8 27. Qc3 Qf5 28. Kf2 Qe6 29. Rb3 Qe2+ 30. Kg1 Re5 31. Rb8+ Kh7 32. Rd8 Qb5 33. a3 Re2 34. Rd4 Qg5 35. Rg4 Qd8 36. Qd4 1/2-1/2